<?xml version="1.0" encoding="UTF-8"?>
<record
    xmlns:xsi="http://www.w3.org/2001/XMLSchema-instance"
    xsi:schemaLocation="http://www.loc.gov/MARC21/slim http://www.loc.gov/standards/marcxml/schema/MARC21slim.xsd"
    xmlns="http://www.loc.gov/MARC21/slim">

  <leader>00714cam a22002051  4500</leader>
  <controlfield tag="001">83226</controlfield>
  <controlfield tag="003">BD-RjUL</controlfield>
  <controlfield tag="005">20240304151145.0</controlfield>
  <controlfield tag="008">240303s1964    p             000 0 urdo </controlfield>
  <datafield tag="035" ind1=" " ind2=" ">
    <subfield code="a">(BD-RjUL)83226</subfield>
  </datafield>
  <datafield tag="040" ind1=" " ind2=" ">
    <subfield code="a">DLC</subfield>
    <subfield code="c">MiU</subfield>
    <subfield code="d">DLC</subfield>
    <subfield code="b">eng</subfield>
  </datafield>
  <datafield tag="041" ind1=" " ind2=" ">
    <subfield code="a">urd</subfield>
  </datafield>
  <datafield tag="082" ind1=" " ind2=" ">
    <subfield code="2">23</subfield>
    <subfield code="a">954.91</subfield>
    <subfield code="b">JAP 1964</subfield>
  </datafield>
  <datafield tag="100" ind1="0" ind2=" ">
    <subfield code="a">Jam&#x12B;l J&#x101;lib&#x12B;,</subfield>
    <subfield code="d">1928-2019.</subfield>
    <subfield code="9">12066</subfield>
  </datafield>
  <datafield tag="245" ind1="1" ind2="0">
    <subfield code="a">Pakistani culture ;; &#x67E;&#x627;&#x6A9;&#x633;&#x62A;&#x627;&#x646;&#x6CC; &#x6A9;&#x644;&#x686;&#x631; /</subfield>
    <subfield code="b">&#x642;&#x648;&#x645;&#x6CC; &#x6A9;&#x644;&#x686;&#x631; &#x6A9;&#x6CC; &#x62A;&#x634;&#x6A9;&#x6CC;&#x644; &#x6A9;&#x627; &#x645;&#x633;&#x626;&#x644;&#x6C1; ;; Qawmi culture ki tashkil ka mas'alah /</subfield>
    <subfield code="c">&#x62C;&#x645;&#x6CC;&#x644; &#x62C;&#x627;&#x644;&#x628;&#x6CC; ;; Jameel Jalbi</subfield>
  </datafield>
  <datafield tag="260" ind1=" " ind2=" ">
    <subfield code="c">[1964]</subfield>
    <subfield code="a">Karachi :</subfield>
    <subfield code="b">&#x645;&#x634;&#x62A;&#x627;&#x642; &#x628;&#x6A9; ;;Mushtaq Book ,</subfield>
  </datafield>
  <datafield tag="300" ind1=" " ind2=" ">
    <subfield code="a">244 p.</subfield>
    <subfield code="c">22 cm.</subfield>
  </datafield>
  <datafield tag="651" ind1=" " ind2="0">
    <subfield code="a">Pakistan</subfield>
    <subfield code="x">Civilization</subfield>
    <subfield code="9">12067</subfield>
  </datafield>
  <datafield tag="942" ind1=" " ind2=" ">
    <subfield code="2">ddc</subfield>
    <subfield code="c">BK</subfield>
  </datafield>
  <datafield tag="999" ind1=" " ind2=" ">
    <subfield code="c">83226</subfield>
    <subfield code="d">83226</subfield>
  </datafield>
  <datafield tag="952" ind1=" " ind2=" ">
    <subfield code="0">0</subfield>
    <subfield code="1">0</subfield>
    <subfield code="2">ddc</subfield>
    <subfield code="4">0</subfield>
    <subfield code="7">1</subfield>
    <subfield code="8">NFIC</subfield>
    <subfield code="a">RUCL</subfield>
    <subfield code="b">RUCL</subfield>
    <subfield code="c">Reading</subfield>
    <subfield code="d">2008-03-10</subfield>
    <subfield code="e">Feroz &amp; Sons, Lahore</subfield>
    <subfield code="g">8.00</subfield>
    <subfield code="o">U .954.91 JAP 1964</subfield>
    <subfield code="r">2024-03-04 00:00:00</subfield>
    <subfield code="t">C-1</subfield>
    <subfield code="y">BK</subfield>
  </datafield>
  <datafield tag="952" ind1=" " ind2=" ">
    <subfield code="0">0</subfield>
    <subfield code="1">0</subfield>
    <subfield code="2">ddc</subfield>
    <subfield code="4">0</subfield>
    <subfield code="7">0</subfield>
    <subfield code="8">NFIC</subfield>
    <subfield code="a">RUCL</subfield>
    <subfield code="b">RUCL</subfield>
    <subfield code="c">GEN</subfield>
    <subfield code="d">2008-03-10</subfield>
    <subfield code="e">Feroz &amp; Sons, Lahore</subfield>
    <subfield code="g">8.00</subfield>
    <subfield code="o">U .954.91 JAP 1964</subfield>
    <subfield code="r">2024-03-04 00:00:00</subfield>
    <subfield code="t">C-2</subfield>
    <subfield code="y">BK</subfield>
  </datafield>
  <datafield tag="952" ind1=" " ind2=" ">
    <subfield code="0">0</subfield>
    <subfield code="1">0</subfield>
    <subfield code="2">ddc</subfield>
    <subfield code="4">0</subfield>
    <subfield code="7">0</subfield>
    <subfield code="8">NFIC</subfield>
    <subfield code="a">RUCL</subfield>
    <subfield code="b">RUCL</subfield>
    <subfield code="c">GEN</subfield>
    <subfield code="d">2008-03-10</subfield>
    <subfield code="e">Feroz &amp; Sons, Lahore</subfield>
    <subfield code="g">8.00</subfield>
    <subfield code="o">U 954.91 JAP 1964</subfield>
    <subfield code="r">2024-03-04 00:00:00</subfield>
    <subfield code="t">C-3</subfield>
    <subfield code="y">BK</subfield>
  </datafield>
</record>
